Welcome to CU Library Online Public Access Catalogue (OPAC)

Principles of Human Resource Management (Record no. 2549)

MARC details
000 -LEADER
fixed length control field 00607nam a22001937a 4500
005 - DATE AND TIME OF LATEST TRANSACTION
control field 20250115122909.0
008 - FIXED-LENGTH DATA ELEMENTS--GENERAL INFORMATION
fixed length control field 250115b |||||||| |||| 00| 0 eng d
020 ## - INTERNATIONAL STANDARD BOOK NUMBER
International Standard Book Number 9780324593303
050 ## - LIBRARY OF CONGRESS CALL NUMBER
Classification number HF5549
Item number .C465 SNE
100 ## - MAIN ENTRY--PERSONAL NAME
Personal name Snell Scott
245 ## - TITLE STATEMENT
Title Principles of Human Resource Management
Statement of responsibility, etc. Scott Snell & George Bohlander
250 ## - EDITION STATEMENT
Edition statement 15th Ed.
260 ## - PUBLICATION, DISTRIBUTION, ETC.
Place of publication, distribution, etc. Australia
Name of publisher, distributor, etc. South-Western/Cengage Learning
Date of publication, distribution, etc. 2010
300 ## - PHYSICAL DESCRIPTION
Extent xxxvii. 821p.
Other physical details ill. col.
Dimensions 25.5 cm x 20.5 cm
500 ## - GENERAL NOTE
General note Includes Index
650 ## - SUBJECT ADDED ENTRY--TOPICAL TERM
Source of heading or term Human Resource Management
700 ## - ADDED ENTRY--PERSONAL NAME
Personal name Bohlander George
942 ## - ADDED ENTRY ELEMENTS (KOHA)
Source of classification or shelving scheme Library of Congress Classification
Koha item type Books
Edition 15th Ed.
Suppress in OPAC No
999 ## -
-- 2549
-- 2549
Holdings
Withdrawn status Lost status Source of classification or shelving scheme Damaged status Not for loan Collection Home library Current library Shelving location Date acquired Total checkouts Full call number Barcode Date last seen Copy number Price effective from Koha item type
    Library of Congress Classification     Non-fiction Business Library (Miotso) Business Library (Miotso) General stacks 01/15/2025   HF5549 .C465 SNE BSSM00000418 01/15/2025 1 01/15/2025 Books
    Library of Congress Classification     Non-fiction Business Library (Miotso) Business Library (Miotso) General stacks 01/15/2025   HF5549 .C465 SNE BSSM00000419 01/15/2025 2 01/15/2025 Books
    Library of Congress Classification     Non-fiction Business Library (Miotso) Business Library (Miotso) General stacks 01/15/2025   HF5549 .C465 SNE BSSM00000420 01/15/2025 3 01/15/2025 Books
    Library of Congress Classification     Non-fiction Business Library (Miotso) Business Library (Miotso) General stacks 01/15/2025   HF5549 .C465 SNE BSSM00000421 01/15/2025 4 01/15/2025 Books
    Library of Congress Classification     Non-fiction Business Library (Miotso) Business Library (Miotso) General stacks 01/15/2025   HF5549 .C465 SNE BSSM00000422 01/15/2025 5 01/15/2025 Books
    Library of Congress Classification     Non-fiction Business Library (Miotso) Business Library (Miotso) General stacks 01/15/2025   HF5549 .C465 SNE BSSM00000443 01/15/2025 6 01/15/2025 Books
    Library of Congress Classification     Non-fiction Business Library (Miotso) Business Library (Miotso) General stacks 01/15/2025   HF5549 .C465 SNE BSSM00000444 01/15/2025 7 01/15/2025 Books
    Library of Congress Classification     Non-fiction Business Library (Miotso) Business Library (Miotso) General stacks 01/15/2025   HF5549 .C465 SNE BSSM00000445 01/15/2025 8 01/15/2025 Books
    Library of Congress Classification       Graduate Library (Christ Temple) Graduate Library (Christ Temple) General stacks 02/16/2026   HF 5549 SNE gsct00002486 02/16/2026   02/16/2026 Books
    Library of Congress Classification       Graduate Library (Christ Temple) Graduate Library (Christ Temple) General stacks 02/16/2026   HF 5549 SNE gsct00002487 02/16/2026   02/16/2026 Books
    Library of Congress Classification     Non-fiction Undergraduate Library (Christ Temple) Undergraduate Library (Christ Temple) General stacks 05/16/2025   HF5549.C465 SNE ulct00002442 05/16/2025 1 05/16/2025 Books
    Library of Congress Classification     Non-fiction Undergraduate Library (Christ Temple) Undergraduate Library (Christ Temple) General stacks 05/16/2025   HF5549.C465 SNE ulct00002443 05/16/2025 2 05/16/2025 Books
© 2023-2024 Copyright: Central University Libraries. All Rights Reserved | Created by: Mahone Tech Office